[Event "Campobasso op 18th"]
[Site "Campobasso "]
[Date "2011.07.24"]
[Round "5"]
[White "D'Aquino, Ugo"]
[Black "Quarto, Silvano"]
[Result "1/2-1/2"]
[WhiteElo "1925"]
[BlackElo "1731"]
[PlyCount "105"]
[EventDate "2011.08.06"]
[EventType "swiss"]
[EventRounds "6"]
[EventCountry "ITA"]
[SourceTitle "EXT 2014"]
[Source "ChessBase"]
[SourceDate "2013.11.20"]
[SourceVersion "1"]
[SourceVersionDate "2013.11.20"]
[SourceQuality "1"]

1. e4 c5 2. Nf3 d6 3. d4 cxd4 4. Nxd4 Nf6 5. Nc3 g6 6. Be2 Bg7 7. 0-0 0-0 8. Be3 Nc6 9. Kh1 Bd7 10. f4 Qc8 11. Qd3 Bg4 12. Bxg4 Nxg4 13. Nd5 Qd7 14. Bg1 e6 15. Nc3 Nf6 16. Ndb5 Rfd8 17. Rad1 Bf8 18. f5 Qe7 19. fxe6 fxe6 20. Nxd6 Ne8 21. Bc5 Nxd6 22. Rxf8+ Qxf8 23. Bxd6 Qxd6 24. Qxd6 Rxd6 25. Rxd6 Re8 26. Rd7 Re7 27. Rxe7 Nxe7 28. Kg1 Nc6 29. Nb5 a6 30. Nd6 b6 31. Nc4 b5 32. Ne3 Kf7 33. Kf2 Kf6 34. c3 h5 35. Nc2 Ne5 36. Ke2 Ke7 37. h3 Kd6 38. b3 a5 39. Nd4 b4 40. c4 Nd7 41. Ke3 Nc5 42. Nf3 a4 43. bxa4 Nxa4 44. Kd4 Nc3 45. c5+ Kc7 46. Nd2 Nxa2 47. Kc4 Kc6 48. Kb3 Nc1+ 49. Kxb4 Nd3+ 50. Kc4 Nxc5 51. Kd4 Nd7 52. e5 Nb6 53. Ne4 1/2-1/2

[Event "Campobasso op 18th"]
[Site "Campobasso "]
[Date "2011.07.22"]
[Round "1"]
[White "Pescatore, Lorenzo"]
[Black "Quarto, Silvano"]
[Result "1/2-1/2"]
[WhiteElo "2121"]
[BlackElo "1731"]
[PlyCount "106"]
[EventDate "2011.08.06"]
[EventType "swiss"]
[EventRounds "6"]
[EventCountry "ITA"]
[SourceTitle "EXT 2014"]
[Source "ChessBase"]
[SourceDate "2013.11.20"]
[SourceVersion "1"]
[SourceVersionDate "2013.11.20"]
[SourceQuality "1"]

1. e4 c5 2. Nc3 Nc6 3. f4 e6 4. Nf3 Nge7 5. Bb5 a6 6. Bxc6 Nxc6 7. 0-0 Be7 8. d3 0-0 9. Qe1 d5 10. e5 f6 11. Qg3 Qe8 12. a3 Bd7 13. Ne2 Rc8 14. c3 Qg6 15. Qxg6 hxg6 16. Be3 Nd8 17. Rac1 b6 18. g4 Kf7 19. Kg2 Nb7 20. b4 Bb5 21. Rfd1 Rfd8 22. Kf2 a5 23. bxa5 Nxa5 24. Rb1 Ba4 25. Rd2 b5 26. Rdb2 Nc6 27. Ra2 Rd7 28. d4 c4 29. exf6 gxf6 30. g5 Bb3 31. Raa1 Ra8 32. gxf6 Bxf6 33. Nc1 Na5 34. Ne5+ Bxe5 35. fxe5 Rb7 36. Rb2 Bd1 37. Ke1 Nb3 38. Rab1 Nxc1 39. Bxc1 Bb3 40. Rf2+ Kg7 41. Kf1 Rf7 42. Rxf7+ Kxf7 43. Rb2 Kg7 44. Rf2 Ra7 45. Rf6 Rf7 46. Bh6+ Kg8 47. Ke2 Rxf6 48. exf6 Kf7 49. Bg5 Ba2 50. Ke3 Bb3 51. Kf4 Bc2 52. Ke5 Bb3 53. Kd6 Bc2 1/2-1/2